Núdzové brzdenie automobilu s ABS na nerovnej vozovke

Enregistré dans:
Détails bibliographiques
Auteur principal: Mokrý, Peter (Auteur)
Autres auteurs: Harakaľová, Jana (Directeur de thèse)
Format: Manuscrit Livre
Langue:slovaque
Publié: 2019
Sujets:
Accès en ligne:http://is.stuba.sk/zp/portal_zp.pl?podrobnosti=136999
Tags: Ajouter un tag
Pas de tags, Soyez le premier à ajouter un tag!

MARC

LEADER 00000ntm a22000003a 4500
001 stuzp74531
003 SK-STU
005 20190608213211.2
007 ta
008 150427s2015----xo-----f-mn---000-0-slo-d
040 |a STU  |b slo 
041 0 |a slo 
100 1 |a Mokrý, Peter  |u 020010  |4 aut  |U SjF Strojnícka fakulta  |T SjF Ústav aplikovanej mechaniky a mechatroniky  |X 87554  |U J0010  |Y 801  |7 87554 
242 0 1 |a Emergency braking of a car with ABS on an uneven road  |y eng 
245 1 0 |a Núdzové brzdenie automobilu s ABS na nerovnej vozovke 
260 |c 2019 
650 4 |a ABS  |2 slo 
650 4 |a brzdný tlak  |2 slo 
650 4 |a brzdný moment  |2 slo 
650 4 |a obvodové zrýchlenie  |2 slo 
650 4 |a sklz  |2 slo 
650 4 |a ABS  |2 eng 
650 4 |a brake pressure  |2 eng 
650 4 |a braking torgue  |2 eng 
650 4 |a peripheral acceleration  |2 eng 
650 4 |a slip  |2 eng 
700 1 |a Harakaľová, Jana  |u 020010  |k Z1  |4 ths  |U SjF Strojnícka fakulta  |T SjF Ústav aplikovanej mechaniky a mechatroniky  |X 2350  |U J0010  |Y 801  |7 A000002350 
856 4 |u http://is.stuba.sk/zp/portal_zp.pl?podrobnosti=136999